[Event "1st 4NCL Spring Bank Holiday Congress"]
[Site "Basingstoke"]
[Date "2018.05.27"]
[Round "4"]
[Board "14"]
[White "Langham, Rod E"]
[Black "Buanne, Luca"]
[Result "0-1"]
[WhiteElo "1684"]
[BlackElo "1422"]
[PlyCount "76"]
[EventDate "2018.05.25"]
[EventRounds "7"]
[EventCountry "ENG"]

1. d4 Nf6 2. Bf4 g6 3. Nc3 Bg7 4. e4 d6 5. Qd2 O-O 6. f3 Re8 7. Bh6 Bh8 8.
O-O-O c6 9. Bc4 b5 10. Bb3 a5 11. a3 b4 12. Nb1 Qb6 13. a4 Ba6 14. Qf4 e5 15.
dxe5 dxe5 16. Qe3 Qc7 17. Nh3 Bg7 18. Rd2 Nbd7 19. Rhd1 c5 20. Bd5 Rac8 21.
Bxg7 Kxg7 22. b3 c4 23. g4 cxb3 24. Bxb3 Nc5 25. Kb2 Nfd7 26. Ng5 Rf8 27. h4
Nb6 28. Qf2 Nbxa4+ 29. Bxa4 Nxa4+ 30. Ka1 Nc3 31. Nxc3 Qxc3+ 32. Kb1 a4 33. Rd3
Bxd3 34. Rxd3 Qc4 35. Qd2 b3 36. h5 bxc2+ 37. Kc1 Qa2 38. h6+ Kg8 0-1

[Event "1st 4NCL Spring Bank Holiday Congress"]
[Site "Basingstoke"]
[Date "2018.05.27"]
[Round "4"]
[Board "15"]
[White "O'Brien, Paul W"]
[Black "Kammin, Sam"]
[Result "1-0"]
[WhiteElo "1442"]
[BlackElo "1592"]
[PlyCount "59"]
[EventDate "2018.05.25"]
[EventRounds "7"]
[EventCountry "ENG"]

1. e4 c6 2. d4 d5 3. Nd2 dxe4 4. Nxe4 Bf5 5. Ng3 Bg6 6. h4 h6 7. Nf3 Nf6 8. h5
Bh7 9. Bd3 Bxd3 10. Qxd3 e6 11. Bd2 Be7 12. O-O-O Nbd7 13. Kb1 Qc7 14. Ne4 Nxe4
15. Qxe4 Nf6 16. Qe2 O-O 17. g4 Nd5 18. g5 Nf4 19. Qe4 Bxg5 20. Nxg5 hxg5 21.
Rdg1 Qe7 22. h6 f5 23. Qf3 Rf7 24. Bxf4 gxf4 25. Qh5 g5 26. Rxg5+ Kf8 27. Rg7
Rxg7 28. hxg7+ Kxg7 29. Qh7+ Kf6 30. Rh6+ 1-0

[Event "1st 4NCL Spring Bank Holiday Congress"]
[Site "Basingstoke"]
[Date "2018.05.27"]
[Round "4"]
[Board "16"]
[White "Ratnesan, Radha"]
[Black "Stephens, Robert W"]
[Result "1/2-1/2"]
[WhiteElo "1222"]
[BlackElo "1802"]
[PlyCount "67"]
[EventDate "2018.05.25"]
[EventRounds "7"]
[EventCountry "ENG"]

1. d4 g6 2. c4 Bg7 3. Nc3 d6 4. e4 e5 5. d5 Nf6 6. Bg5 Nbd7 7. Nf3 Nc5 8. b4
Na6 9. a3 Bg4 10. h3 Bd7 11. Bd3 Qc8 12. Qd2 h6 13. Bh4 Nh5 14. Bg3 O-O 15. Nh2
f5 16. exf5 Bxf5 17. Bxf5 Qxf5 18. O-O Rae8 19. Ng4 Kh7 20. Qe3 Ra8 21. Rac1
Nf4 22. Bxf4 Qxf4 23. Qxf4 Rxf4 24. Ne2 Rf7 25. Rc2 Rd8 26. Rd1 Nb8 27. Ng3 Nd7
28. Ne4 Nf6 29. Ngxf6+ Bxf6 30. f3 Bg5 31. Nxg5+ hxg5 32. Re2 Rf4 33. Re4 Rdf8
34. Rde1 1/2-1/2

[Event "1st 4NCL Spring Bank Holiday Congress"]
[Site "Basingstoke"]
[Date "2018.05.27"]
[Round "4"]
[Board "17"]
[White "Towers, Brian"]
[Black "Zhu, Hou Ning"]
[Result "1-0"]
[WhiteElo "1780"]
[BlackElo "1309"]
[PlyCount "109"]
[EventDate "2018.05.25"]
[EventRounds "7"]
[EventCountry "ENG"]

1. d4 d5 2. Bf4 Nf6 3. e3 Bf5 4. Bd3 Bxd3 5. Qxd3 c6 6. Nd2 e6 7. Ngf3 Be7 8.
h3 Nbd7 9. O-O O-O 10. b3 c5 11. c4 Rc8 12. Ne5 cxd4 13. exd4 Nxe5 14. dxe5 Nh5
15. Be3 g6 16. cxd5 exd5 17. Nf3 Bc5 18. Bxc5 Rxc5 19. Qe3 Qb6 20. Rad1 Rd8 21.
Rd3 Ng7 22. Nd4 Ne6 23. Kh2 Nxd4 24. Rxd4 Ra5 25. a4 Qe6 26. Qg5 Rc8 27. Rfd1
Rac5 28. b4 Rc4 29. Rxd5 Rxb4 30. Rd8+ Rxd8 31. Qxd8+ Kg7 32. Qd6 Rb6 33. Qd4
a5 34. Qd5 Qxd5 35. Rxd5 Ra6 36. Rb5 b6 37. f4 Kf8 38. g4 Ke7 39. Kg3 Ke6 40.
Kf3 f6 41. exf6 Kxf6 42. Ke4 Ke6 43. h4 h6 44. h5 Kf6 45. hxg6 Kxg6 46. Kd5 h5
47. gxh5+ Kxh5 48. f5 Kg5 49. Ke6 Ra8 50. f6+ Kg6 51. f7 Rf8 52. Rf5 b5 53. Rf1
bxa4 54. Rg1+ Kh7 55. Ke7 1-0

[Event "1st 4NCL Spring Bank Holiday Congress"]
[Site "Basingstoke"]
[Date "2018.05.27"]
[Round "4"]
[Board "18"]
[White "Kirby, Andrew"]
[Black "Norman, Dinah M"]
[Result "1/2-1/2"]
[WhiteElo "1424"]
[BlackElo "1697"]
[PlyCount "96"]
[EventDate "2018.05.25"]
[EventRounds "7"]
[EventCountry "ENG"]

1. c4 c6 2. Nf3 d5 3. e3 Nf6 4. d4 e6 5. Nc3 Nbd7 6. Bd3 dxc4 7. Bxc4 b5 8. Bd3
a6 9. O-O Bb7 10. a4 b4 11. Ne4 Nxe4 12. Bxe4 Nf6 13. Bd3 c5 14. b3 Rc8 15. Bb2
Be7 16. Qe2 Qb6 17. a5 Qa7 18. Rfc1 O-O 19. dxc5 Rxc5 20. Bd4 Rxc1+ 21. Rxc1
Qa8 22. Nd2 Rc8 23. Rxc8+ Qxc8 24. Nc4 Qc6 25. f3 h6 26. Nb6 Bc5 27. Bxa6 Bxd4
28. exd4 Bxa6 29. Qxa6 Qc1+ 30. Qf1 Qe3+ 31. Kh1 Qxd4 32. Nc4 Nd5 33. Qg1 Qxg1+
34. Kxg1 Nc7 35. Kf2 Kf8 36. Ke3 Nb5 37. Nb2 Na7 38. Kd3 Nc6 39. a6 Ke7 40. Kc4
Kd6 41. Nd3 Kc7 42. Kb5 Na7+ 43. Kc5 Nc6 44. Nxb4 Na5 45. Nd3 Nxb3+ 46. Kc4
Na5+ 47. Kb5 Nc6 48. Nc5 Na7+ 1/2-1/2

[Event "1st 4NCL Spring Bank Holiday Congress"]
[Site "Basingstoke"]
[Date "2018.05.27"]
[Round "4"]
[Board "19"]
[White "Dupuis, Denis K"]
[Black "Doherty, Paul D"]
[Result "0-1"]
[WhiteElo "1400"]
[BlackElo "1674"]
[PlyCount "82"]
[EventDate "2018.05.25"]
[EventRounds "7"]
[EventCountry "ENG"]

1. e4 c5 2. Nc3 a6 3. f4 e6 4. Nf3 Ne7 5. Be2 d5 6. e5 Nbc6 7. O-O Nf5 8. g4
Nfd4 9. Nxd4 cxd4 10. Nb1 Bd7 11. d3 Rc8 12. a3 Qc7 13. Qe1 Be7 14. Nd2 Na7 15.
Bd1 Qd8 16. Nb3 Qb6 17. Qf2 Ba4 18. Bd2 Bxb3 19. cxb3 Qb5 20. Qg3 Nc6 21. b4
Kd7 22. a4 Qb6 23. a5 Qc7 24. Rc1 g6 25. Ba4 b5 26. Bb3 Qd8 27. Qe1 f5 28. h3
fxg4 29. hxg4 h5 30. f5 gxf5 31. gxf5 Qg8+ 32. Kh1 Qg4 33. fxe6+ Kc7 34. Rxc6+
Kxc6 35. Qc1+ Kb7 36. Bxd5+ Kb8 37. Qe1 Qh3+ 38. Kg1 Rhg8+ 39. Kf2 Qh2+ 40. Kf3
Qg2+ 41. Kf4 Rcf8# 0-1

[Event "1st 4NCL Spring Bank Holiday Congress"]
[Site "Basingstoke"]
[Date "2018.05.27"]
[Round "4"]
[Board "20"]
[White "Stoyanov, Boris"]
[Black "Robinson, Brian"]
[Result "1/2-1/2"]
[WhiteElo "1310"]
[BlackElo "1590"]
[PlyCount "77"]
[EventDate "2018.05.25"]
[EventRounds "7"]
[EventCountry "ENG"]

1. d4 Nf6 2. c4 e6 3. Nc3 d5 4. Bg5 Be7 5. e3 O-O 6. Nf3 c6 7. Bd3 Nbd7 8. O-O
Re8 9. Nd2 e5 10. Bxf6 Bxf6 11. dxe5 Nxe5 12. Be2 dxc4 13. Nxc4 Nxc4 14. Bxc4
Bxc3 15. bxc3 Bf5 16. Qf3 Bg6 17. Rfd1 Qc7 18. Rd2 Rad8 19. Rad1 Rxd2 20. Rxd2
Rd8 21. Rxd8+ Qxd8 22. Bb3 Qd2 23. Qd1 Qxd1+ 24. Bxd1 Kf8 25. Kf1 Ke7 26. Ke1
Kd6 27. Kd2 Kc5 28. Bb3 b5 29. a3 a5 30. f4 f6 31. g4 Be4 32. g5 b4 33. gxf6
gxf6 34. cxb4+ axb4 35. axb4+ Kxb4 36. Be6 c5 37. Bf7 c4 38. Bh5 c3+ 39. Kc1
 1/2-1/2

[Event "1st 4NCL Spring Bank Holiday Congress"]
[Site "Basingstoke"]
[Date "2018.05.27"]
[Round "4"]
[Board "21"]
[White "O`Gorman, Brian"]
[Black "Zhu, Feng"]
[Result "1-0"]
[WhiteElo "1537"]
[BlackElo "1457"]
[PlyCount "93"]
[EventDate "2018.05.25"]
[EventRounds "7"]
[EventCountry "ENG"]

1. e4 c5 2. Nf3 g6 3. c3 d5 4. exd5 Qxd5 5. Na3 Nf6 6. Bc4 Qe4+ 7. Qe2 Qxe2+ 8.
Bxe2 Bg7 9. O-O O-O 10. Nb5 Na6 11. Re1 Bd7 12. Na3 Nc7 13. Bc4 Be6 14. d4 cxd4
15. Nxd4 Bxc4 16. Nxc4 Rfe8 17. Bg5 Rad8 18. Na5 Rd5 19. Bxf6 Bxf6 20. Nab3
Bxd4 21. Nxd4 e5 22. Nf3 e4 23. Nd4 Nb5 24. Nb3 Nc7 25. Rad1 f5 26. Rxd5 Nxd5
27. Rd1 Nf6 28. Kf1 Kf7 29. Ke2 Re7 30. Nc5 b6 31. Nb3 Ng4 32. h3 Ne5 33. Nd4
Kf6 34. Rd2 f4 35. Rc2 f3+ 36. gxf3 exf3+ 37. Nxf3 h5 38. Nxe5 Kxe5 39. Kf3 Kf5
40. c4 g5 41. b4 Re5 42. c5 bxc5 43. Rxc5 g4+ 44. hxg4+ hxg4+ 45. Kg3 Ke6 46.
Rxe5+ Kxe5 47. Kxg4 1-0

[Event "1st 4NCL Spring Bank Holiday Congress"]
[Site "Basingstoke"]
[Date "2018.05.27"]
[Round "4"]
[Board "22"]
[White "Cole, David M"]
[Black "Hatzipanteli, Theodora"]
[Result "1-0"]
[WhiteElo "1286"]
[BlackElo "1521"]
[PlyCount "105"]
[EventDate "2018.05.25"]
[EventRounds "7"]
[EventCountry "ENG"]

1. d4 Nf6 2. c4 g6 3. Nc3 Bg7 4. e4 d6 5. Be2 O-O 6. Be3 e5 7. d5 a5 8. g4 Nfd7
9. h4 h6 10. g5 h5 11. Bxh5 gxh5 12. Qxh5 Qe7 13. Nge2 Nc5 14. O-O-O Nba6 15.
Ng3 Bh8 16. Nf5 Bxf5 17. exf5 f6 18. g6 Rfd8 19. Qg4 Kf8 20. h5 Ke8 21. h6 Kd7
22. Kc2 Rg8 23. h7 Rge8 24. Bh6 Bg7 25. Qh5 Rad8 26. Bxg7 Qxg7 27. Qh6 Qxh6 28.
Rxh6 Nb4+ 29. Kd2 e4 30. g7 Ke7 31. h8=Q Rxh8 32. gxh8=Q Rxh8 33. Rxh8 Nbd3 34.
Rg1 Kf7 35. Rh7+ Kf8 36. Rhg7 Ne5 37. Rg8+ Ke7 38. R1g7+ Nf7 39. Ke3 Nd3 40. b3
c6 41. Nxe4 Nb4 42. a4 cxd5 43. cxd5 Nxd5+ 44. Kd4 Nb4 45. Rc8 Nc6+ 46. Kc3
Ncd8 47. Rh7 Kf8 48. Nxf6 Ke7 49. Rxd8 Kxd8 50. Rxf7 Kc8 51. Nd5 Kb8 52. Rh7
Ka7 53. f6 1-0

[Event "1st 4NCL Spring Bank Holiday Congress"]
[Site "Basingstoke"]
[Date "2018.05.27"]
[Round "4"]
[Board "23"]
[White "Golding, William"]
[Black "Sandercock, E Barry"]
[Result "0-1"]
[WhiteElo "1517"]
[BlackElo "1679"]
[PlyCount "94"]
[EventDate "2018.05.25"]
[EventRounds "7"]
[EventCountry "ENG"]

1. e4 c5 2. f4 g6 3. Nf3 Bg7 4. d4 cxd4 5. Nxd4 d6 6. Nc3 Nc6 7. Nxc6 bxc6 8.
Qf3 Qc7 9. b3 Bg4 10. Qg3 Nf6 11. Bd3 Nh5 12. Nd5 cxd5 13. Qxg4 Bxa1 14. exd5
Nf6 15. Qf3 Qa5+ 16. Kf2 Bd4+ 17. Be3 Qd2+ 18. Kg3 Qxe3 19. Qxe3 Bxe3 20. f5
Nxd5 21. Be4 e6 22. fxe6 fxe6 23. Bxd5 exd5 24. Re1 d4 25. c3 Kd7 26. cxd4 Bxd4
27. Re4 Be5+ 28. Kf3 Rhf8+ 29. Ke3 Bxh2 30. Rh4 Bg1+ 31. Kd3 h5 32. Rb4 Rab8
33. Ra4 g5 34. Ke4 Rf4+ 35. Kd5 Rxa4 36. bxa4 Rb2 37. Ke4 Rxg2 38. Kf5 h4 39.
Kg6 h3 40. Kg7 h2 41. Kh7 h1=Q+ 42. Kg8 Ke7 43. Kg7 Rh2 44. a5 Bd4+ 45. Kg6 g4
46. a6 Qe4+ 47. Kg5 Be3# 0-1

[Event "1st 4NCL Spring Bank Holiday Congress"]
[Site "Basingstoke"]
[Date "2018.05.27"]
[Round "4"]
[Board "24"]
[White "Richardson, John"]
[Black "Mellor, Jessica"]
[Result "0-1"]
[WhiteElo "1622"]
[BlackElo "1457"]
[PlyCount "100"]
[EventDate "2018.05.25"]
[EventRounds "7"]
[EventCountry "ENG"]

1. e4 e5 2. Nf3 Nc6 3. Bb5 a6 4. Ba4 Nf6 5. O-O b5 6. Bb3 Be7 7. Re1 O-O 8. h3
d6 9. c3 Be6 10. d4 exd4 11. cxd4 d5 12. exd5 Bxd5 13. Bxd5 Nxd5 14. a3 Qd6 15.
Nc3 Nxc3 16. bxc3 Rfe8 17. Qc2 Bh4 18. Bg5 Bxg5 19. Nxg5 Qg6 20. Ne4 Re7 21. f3
Rae8 22. Qf2 Na5 23. a4 f5 24. Nc5 Rxe1+ 25. Rxe1 Rxe1+ 26. Qxe1 h6 27. axb5
axb5 28. Qe5 Nc4 29. Qd5+ Kh7 30. Ne6 Qxg2+ 31. Kxg2 Ne3+ 32. Kf2 Nxd5 33. Ke1
Kg6 34. Kd2 Kf7 35. Nd8+ Kf6 36. Nc6 g5 37. Na7 b4 38. cxb4 Nxb4 39. Nb5 Nd5
40. Nc3 Nxc3 41. Kxc3 Ke6 42. Kc4 Kd6 43. d5 c6 44. dxc6 Kxc6 45. Kd3 Kd5 46.
Ke2 Kd4 47. Kf2 h5 48. Ke2 h4 49. Kd2 g4 50. fxg4 fxg4 0-1

[Event "1st 4NCL Spring Bank Holiday Congress"]
[Site "Basingstoke"]
[Date "2018.05.27"]
[Round "4"]
[Board "25"]
[White "Hammond, Benjamin"]
[Black "Lee, William J"]
[Result "1/2-1/2"]
[WhiteElo "1483"]
[BlackElo "1195"]
[PlyCount "107"]
[EventDate "2018.05.25"]
[EventRounds "7"]
[EventCountry "ENG"]

1. e4 e5 2. Nf3 Nc6 3. Bb5 a6 4. Ba4 Nf6 5. O-O b5 6. Bb3 d6 7. d3 Bg4 8. Be3
Be7 9. Nc3 O-O 10. h3 Bh5 11. Nd5 Nxd5 12. Bxd5 Qd7 13. c3 Rad8 14. a4 Bf6 15.
axb5 axb5 16. Kh2 Ne7 17. Bb3 d5 18. Qe2 d4 19. cxd4 exd4 20. Bd2 Be5+ 21. Kg1
Qd6 22. Bg5 Bh2+ 23. Kh1 Bf4 24. e5 Bxe5 25. Qxe5 Qxe5 26. Nxe5 Rfe8 27. g4 Bg6
28. Nxg6 hxg6 29. Rfe1 Rd7 30. Rxe7 Rdxe7 31. Bxe7 Rxe7 32. Rc1 Kf8 33. Kg2 f5
34. Kf3 fxg4+ 35. hxg4 Ke8 36. Rc5 Kd7 37. Rxb5 Kd6 38. Rd5+ Kc6 39. Rxd4 Kc5
40. Re4 Rd7 41. Ke3 Rd6 42. Rc4+ Kb6 43. f4 c5 44. Re4 Kb5 45. Bc4+ Kc6 46. Re6
Rxe6+ 47. Bxe6 Kb5 48. Bf7 Kb4 49. Ke4 Ka4 50. b3+ Kb4 51. Bc4 Ka5 52. Kd5 Kb4
53. g5 Ka5 54. Kxc5 1/2-1/2

[Event "1st 4NCL Spring Bank Holiday Congress"]
[Site "Basingstoke"]
[Date "2018.05.27"]
[Round "5"]
[Board "1"]
[White "Henley, Robert"]
[Black "Procter, Colin S"]
[Result "1/2-1/2"]
[WhiteElo "1765"]
[BlackElo "1784"]
[PlyCount "31"]
[EventDate "2018.05.25"]
[EventRounds "7"]
[EventCountry "ENG"]

1. d4 Nf6 2. Nc3 d5 3. Bg5 e6 4. Nf3 Be7 5. Bxf6 Bxf6 6. e4 dxe4 7. Nxe4 a6 8.
Bd3 Bd7 9. O-O Bc6 10. Nxf6+ Qxf6 11. Ne5 O-O 12. Nxc6 Nxc6 13. c3 Ne7 14. Be4
c6 15. Qf3 Qxf3 16. Bxf3 1/2-1/2

[Event "1st 4NCL Spring Bank Holiday Congress"]
[Site "Basingstoke"]
[Date "2018.05.27"]
[Round "5"]
[Board "2"]
[White "Tivillier, Jacques"]
[Black "Bovtramovics, Vladimirs"]
[Result "1/2-1/2"]
[WhiteElo "1771"]
[BlackElo "1822"]
[PlyCount "53"]
[EventDate "2018.05.25"]
[EventRounds "7"]
[EventCountry "ENG"]

1. e4 Nc6 2. Bb5 a6 3. Bxc6 dxc6 4. d3 e5 5. h3 Bd6 6. Nf3 c5 7. a4 Ne7 8. Nbd2
O-O 9. Nc4 Nc6 10. O-O Bd7 11. b3 b5 12. axb5 axb5 13. Rxa8 Qxa8 14. Ne3 Ne7
15. Bb2 Ng6 16. Ng4 f6 17. Bc1 f5 18. exf5 Rxf5 19. Ne3 Rf8 20. Ng5 h6 21. Ne4
Nf4 22. Ng4 Qe8 23. Bxf4 exf4 24. Nxd6 cxd6 25. f3 Bxg4 26. hxg4 Qe3+ 27. Rf2
 1/2-1/2

[Event "1st 4NCL Spring Bank Holiday Congress"]
[Site "Basingstoke"]
[Date "2018.05.27"]
[Round "5"]
[Board "3"]
[White "Neatherway, A Philip"]
[Black "Radford, Mark SR"]
[Result "1/2-1/2"]
[WhiteElo "1810"]
[BlackElo "1616"]
[PlyCount "93"]
[EventDate "2018.05.25"]
[EventRounds "7"]
[EventCountry "ENG"]

1. e4 e6 2. d4 d5 3. Nd2 Nf6 4. e5 Nfd7 5. Bd3 c5 6. c3 Nc6 7. Ne2 cxd4 8. cxd4
f6 9. exf6 Nxf6 10. O-O Bd6 11. Nf3 Qc7 12. Bg5 O-O 13. Bh4 Nh5 14. Bg3 Bxg3
15. hxg3 Bd7 16. Rc1 a6 17. Qd2 Nf6 18. Ne5 Qd6 19. f4 Rad8 20. a3 Be8 21. Rfe1
Ne4 22. Qe3 Nxe5 23. fxe5 Qb6 24. Nc3 Nxc3 25. Rxc3 Bb5 26. Rb3 Qa5 27. Bxb5
axb5 28. Qe2 Qa7 29. Rd1 Rc8 30. Qxb5 Rf7 31. Rf3 Rxf3 32. gxf3 Rc6 33. Kg2 Kf8
34. Qd3 g6 35. Rh1 b6 36. f4 Qc7 37. Rf1 Rc4 38. g4 Rc2+ 39. Rf2 Rxf2+ 40. Kxf2
Qc1 41. Qc3 Qxf4+ 42. Qf3 Qxf3+ 43. Kxf3 h6 44. a4 Ke7 45. Kf4 Kd7 46. b4 Kc6
47. Kf3 1/2-1/2

[Event "1st 4NCL Spring Bank Holiday Congress"]
[Site "Basingstoke"]
[Date "2018.05.27"]
[Round "5"]
[Board "4"]
[White "Hibbitt, Arthur M"]
[Black "Horlock, Peter J"]
[Result "1-0"]
[WhiteElo "1781"]
[BlackElo "1612"]
[PlyCount "75"]
[EventDate "2018.05.25"]
[EventRounds "7"]
[EventCountry "ENG"]

1. f4 d5 2. Nf3 Nf6 3. g3 c5 4. Bg2 Nc6 5. d3 e6 6. c3 Qb6 7. O-O d4 8. Nbd2
Qc7 9. Ne4 Nxe4 10. dxe4 dxc3 11. bxc3 b5 12. Bb2 c4 13. a4 Bc5+ 14. Kh1 Ba6
15. axb5 Bxb5 16. Nd4 Nxd4 17. cxd4 Rd8 18. Bc3 O-O 19. e3 Be7 20. Qg4 f5 21.
exf5 exf5 22. Qf3 a6 23. Ba5 Qd6 24. Bxd8 Rxd8 25. g4 fxg4 26. Qxg4 Bf6 27.
Rfc1 Qe7 28. Ra2 Qxe3 29. Rd1 Qb3 30. Raa1 c3 31. Rab1 Qc4 32. Bf1 Bc6+ 33. d5
Bxd5+ 34. Rxd5 Qe4+ 35. Qg2 Qxg2+ 36. Bxg2 c2 37. Rxd8+ Bxd8 38. Rc1 1-0

[Event "1st 4NCL Spring Bank Holiday Congress"]
[Site "Basingstoke"]
[Date "2018.05.27"]
[Round "5"]
[Board "5"]
[White "Winter, Kevin"]
[Black "Goodfellow, Russell R"]
[Result "1/2-1/2"]
[WhiteElo "1755"]
[BlackElo "1774"]
[PlyCount "74"]
[EventDate "2018.05.25"]
[EventRounds "7"]
[EventCountry "ENG"]

1. e4 c5 2. d4 cxd4 3. c3 dxc3 4. Nxc3 Nc6 5. Nf3 e6 6. Bc4 Qc7 7. Bb3 Nf6 8.
O-O Ng4 9. h3 Nge5 10. Be3 d6 11. Rc1 Bd7 12. Qe2 Rc8 13. Rfd1 Qb8 14. Nxe5
dxe5 15. Na4 b6 16. Qh5 g6 17. Qf3 Qb7 18. Qf6 Rg8 19. Qh4 h6 20. Nc3 Bg7 21.
Nb5 Bf8 22. Nd6+ Bxd6 23. Rxd6 Nd4 24. Rxc8+ Qxc8 25. Bxd4 Qc1+ 26. Kh2 exd4
27. e5 Qxb2 28. Qf6 Rf8 29. Qf3 Ke7 30. Qf6+ Ke8 31. Qf3 Ke7 32. Qb7 Rd8 33.
Qf3 d3 34. Qf6+ Ke8 35. Qh8+ Ke7 36. Qf6+ Ke8 37. Qh8+ Ke7 1/2-1/2

[Event "1st 4NCL Spring Bank Holiday Congress"]
[Site "Basingstoke"]
[Date "2018.05.27"]
[Round "5"]
[Board "6"]
[White "O'Gorman, Brendan"]
[Black "Piecha, Lukasz Marek"]
[Result "1-0"]
[WhiteElo "1698"]
[BlackElo "1774"]
[PlyCount "92"]
[EventDate "2018.05.25"]
[EventRounds "7"]
[EventCountry "ENG"]

1. c4 e6 2. Nc3 d5 3. e3 c6 4. Nf3 Nf6 5. b3 Be7 6. Bb2 O-O 7. Be2 Nbd7 8. d4
a6 9. O-O dxc4 10. bxc4 b5 11. Qc2 Bb7 12. Rfd1 Rc8 13. Ne5 Qc7 14. Nxd7 Nxd7
15. Rac1 b4 16. Ne4 f5 17. Nd2 c5 18. Nf3 Be4 19. Qb3 f4 20. Nd2 f3 21. Bxf3
Bxf3 22. Nxf3 Bd6 23. Ne5 Nxe5 24. dxe5 Bxe5 25. Bxe5 Qxe5 26. h3 Rcd8 27. Qa4
Qf5 28. f3 Qg5 29. Qxa6 Qxe3+ 30. Kh2 Rxd1 31. Rxd1 Rxf3 32. gxf3 Qe2+ 33. Kg3
Qxd1 34. Qxe6+ Kf8 35. Qf5+ Ke8 36. Qe6+ Kd8 37. Qg8+ Kc7 38. Qxg7+ Kc6 39.
Qh6+ Qd6+ 40. Qxd6+ Kxd6 41. Kf4 Ke6 42. Ke4 h6 43. h4 h5 44. f4 Kf6 45. Kd5
Kf5 46. Kxc5 Kxf4 1-0

[Event "1st 4NCL Spring Bank Holiday Congress"]
[Site "Basingstoke"]
[Date "2018.05.27"]
[Round "5"]
[Board "7"]
[White "Redmond, Michael F"]
[Black "Brown, Geoffrey D"]
[Result "0-1"]
[WhiteElo "1787"]
[BlackElo "1547"]
[PlyCount "82"]
[EventDate "2018.05.25"]
[EventRounds "7"]
[EventCountry "ENG"]

1. Nf3 e6 2. g3 f5 3. d4 Nf6 4. Bg2 Be7 5. b3 O-O 6. e3 a5 7. a4 d6 8. Bb2 Ne4
9. h4 Nd7 10. Nbd2 Ndf6 11. Ng5 Nxf2 12. Kxf2 Ng4+ 13. Ke2 Bxg5 14. hxg5 Qxg5
15. Qg1 Rb8 16. Nf3 Qe7 17. Re1 b5 18. Bc3 bxa4 19. bxa4 Ba6+ 20. Kd2 Qd7 21.
d5 e5 22. Bf1 Bb7 23. Bc4 Nf6 24. Bxe5 dxe5 25. Nxe5 Qd6 26. Nd3 Bxd5 27. Bxd5+
Qxd5 28. Rh4 Ne4+ 29. Ke2 Rb6 30. Qh2 h6 31. Kf1 Rg6 32. Rh3 Qc4 33. Kg1 Qxa4
34. Nf4 Rc6 35. Re2 Ng5 36. Qg2 Nxh3+ 37. Nxh3 Qe4 38. Qf2 a4 39. Rd2 a3 40. c4
Rxc4 41. Nf4 Rc1+ 0-1

[Event "1st 4NCL Spring Bank Holiday Congress"]
[Site "Basingstoke"]
[Date "2018.05.27"]
[Round "5"]
[Board "8"]
[White "Homer, Neil S"]
[Black "Ruffle, Alan P"]
[Result "1-0"]
[WhiteElo "1750"]
[BlackElo "1474"]
[PlyCount "61"]
[EventDate "2018.05.25"]
[EventRounds "7"]
[EventCountry "ENG"]

1. Nf3 Nf6 2. c4 d5 3. d4 Bg4 4. Nc3 e6 5. h3 Bxf3 6. gxf3 Nc6 7. Bf4 Bb4 8. e3
Qd7 9. Qc2 dxc4 10. Bxc4 O-O-O 11. O-O-O Bd6 12. Bxd6 cxd6 13. a3 Kb8 14. Kb1
Rc8 15. Qe2 Rhd8 16. Bb5 Rc7 17. d5 Nxd5 18. Nxd5 exd5 19. Rxd5 Qe6 20. Rhd1
Ne7 21. R5d4 Qxh3 22. Rxd6 Qf5+ 23. e4 Qc5 24. Rxd8+ Nc8 25. Bd7 Qe7 26. Rxc8+
Rxc8 27. Bxc8 Kxc8 28. Qc4+ Kb8 29. Qd5 Kc8 30. Rc1+ Kb8 31. Qc5 1-0

[Event "1st 4NCL Spring Bank Holiday Congress"]
[Site "Basingstoke"]
[Date "2018.05.27"]
[Round "5"]
[Board "9"]
[White "Chilton, James I"]
[Black "O'Brien, Paul W"]
[Result "0-1"]
[WhiteElo "1749"]
[BlackElo "1442"]
[PlyCount "70"]
[EventDate "2018.05.25"]
[EventRounds "7"]
[EventCountry "ENG"]

1. e4 c5 2. Nf3 d6 3. d4 cxd4 4. Nxd4 Nf6 5. Nc3 g6 6. Be3 Bg7 7. f3 O-O 8. g4
Nc6 9. g5 Nh5 10. Qd2 Qa5 11. f4 Nxd4 12. Bxd4 Bxd4 13. Qxd4 Nxf4 14. O-O-O
Qxg5 15. Kb1 Be6 16. h4 Qc5 17. Qd2 Qe5 18. Qh2 Nh5 19. Qd2 Ng3 20. Rg1 Nxe4
21. Qg2 Nxc3+ 22. bxc3 Qxc3 23. h5 Bf5 24. Qf2 Qb4+ 25. Kc1 Qc5 26. Qg2 Rac8
27. Rd3 Qc4 28. hxg6 fxg6 29. Rd2 Qxa2 30. Kd1 Qb1+ 31. Ke2 Rxc2 32. Qd5+ e6
33. Qh1 Rxd2+ 34. Kxd2 Rc8 35. Bc4 Qc2+ 0-1

[Event "1st 4NCL Spring Bank Holiday Congress"]
[Site "Basingstoke"]
[Date "2018.05.27"]
[Round "5"]
[Board "10"]
[White "Buanne, Luca"]
[Black "Towers, Brian"]
[Result "0-1"]
[WhiteElo "1422"]
[BlackElo "1780"]
[PlyCount "179"]
[EventDate "2018.05.25"]
[EventRounds "7"]
[EventCountry "ENG"]

1. e4 d6 2. d4 Nf6 3. Nc3 Nbd7 4. Nf3 e5 5. dxe5 dxe5 6. Bc4 Be7 7. h3 h6 8.
Be3 c6 9. Qd2 O-O 10. g4 b5 11. Bf1 b4 12. Ne2 Nxe4 13. Qd3 Nef6 14. Ng3 Nd5
15. Nf5 Nxe3 16. Nxe7+ Qxe7 17. Qxe3 Re8 18. Bg2 Bb7 19. O-O Qc5 20. Qb3 e4 21.
Nd2 e3 22. fxe3 Qxe3+ 23. Qxe3 Rxe3 24. Nc4 Re6 25. Rae1 Rae8 26. Rd1 Nf6 27.
Nd6 Rb8 28. Nxb7 Rxb7 29. Rfe1 Rbe7 30. Rxe6 Rxe6 31. Rd8+ Kh7 32. Ra8 Re1+ 33.
Kh2 Re2 34. Rxa7 Rxc2 35. b3 Nd5 36. Kg3 Rc3+ 37. Bf3 Kg6 38. Ra6 Kf6 39. Kf2
Rc2+ 40. Kg3 Ke6 41. Ra4 g5 42. Bxd5+ Kxd5 43. Rxb4 Rxa2 44. Rc4 Rd2 45. Rc3
Rd4 46. Kf3 Rf4+ 47. Ke2 c5 48. Rd3+ Kc6 49. Kd2 f5 50. gxf5 Rxf5 51. Kc3 Rf4
52. Rg3 Kb5 53. Re3 h5 54. Rg3 g4 55. hxg4 hxg4 56. Kb2 Kc6 57. Ka2 Kd5 58. Ka3
Ke5 59. Rc3 Kd5 60. Rg3 Rd4 61. Re3 Kd6 62. Kb2 Rd5 63. Ka3 Rg5 64. Rg3 Ke5 65.
b4 cxb4+ 66. Kxb4 Kf4 67. Rg1 g3 68. Kc3 Ke3 69. Kc2 Kf2 70. Ra1 g2 71. Kd2
Rd5+ 72. Kc3 g1=Q 73. Rxg1 Kxg1 74. Kc4 Rd1 75. Kc5 Kf2 76. Kc4 Ke3 77. Kc5 Ke4
78. Kc6 Ke5 79. Kc7 Ke6 80. Kc8 Ke7 81. Kc7 Rc1+ 82. Kb6 Kd6 83. Kb5 Rc8 84.
Kb4 Kd5 85. Kb3 Kd4 86. Kb2 Kd3 87. Kb1 Rc2 88. Ka1 Kc3 89. Kb1 Rh2 90. Ka1 0-1

[Event "1st 4NCL Spring Bank Holiday Congress"]
[Site "Basingstoke"]
[Date "2018.05.27"]
[Round "5"]
[Board "11"]
[White "Willmoth, Harrison"]
[Black "Stoyanov, Boris"]
[Result "1/2-1/2"]
[WhiteElo "1754"]
[BlackElo "1310"]
[PlyCount "101"]
[EventDate "2018.05.25"]
[EventRounds "7"]
[EventCountry "ENG"]

1. d4 d5 2. Bf4 Nf6 3. Nf3 Bf5 4. e3 e6 5. c3 c5 6. Bb5+ Nbd7 7. O-O Be7 8. Ne5
O-O 9. Bd3 Bxd3 10. Qxd3 Nxe5 11. Bxe5 Nd7 12. Bg3 Rc8 13. Nd2 f5 14. f3 Qb6
15. Rab1 Bf6 16. Bf2 cxd4 17. exd4 Qa5 18. a3 Nb6 19. f4 Nc4 20. Nxc4 Rxc4 21.
Rfe1 Re8 22. Re2 Qa6 23. Rbe1 Rc6 24. Qxa6 Rxa6 25. Be3 Rc6 26. Bd2 a5 27. g3
g6 28. Kf2 Kf7 29. Ke3 Rb6 30. Bc1 Rb3 31. a4 Rc8 32. Kd2 Rc6 33. Kc2 Rb4 34.
Rxe6 Rxb2+ 35. Bxb2 Rxe6 36. Rxe6 Kxe6 37. Kb3 Kd6 38. c4 b6 39. Kc3 Kc6 40.
Kd3 Be7 41. Bc3 Bf8 42. Bd2 Be7 43. h3 h5 44. h4 Bf8 45. Be1 Be7 46. Bf2 Bf8
47. Be1 Be7 48. Bf2 Bf8 49. Be1 Be7 50. Bf2 Bf8 51. Be1 1/2-1/2